| 000 | 01458cam a2200373 a 4500 | ||
|---|---|---|---|
| 001 | 55468 | ||
| 005 | 20230410103723.0 | ||
| 008 | 931006s1992 sp ab b f000 0 spa | ||
| 010 | _a 93215436 | ||
| 035 | _a(OCoLC)ocm29839619 | ||
| 040 |
_aDLC _cDLC |
||
| 020 | _a8400073258 | ||
| 020 | _a9788400073251 | ||
| 029 | 1 |
_aNLGGC _b149902034 |
|
| 029 | 1 |
_aNZ1 _b3436311 |
|
| 035 | _a(OCoLC)29839619 | ||
| 043 | _ae-sp--- | ||
| 050 | 1 | 4 |
_a315 DU 563 _bE43e 1992 |
| 082 | 0 | 0 | _a996.6 |
| 049 | _aGRAL | ||
| 100 | 1 | _aElizalde Pérez-Grueso, María Dolores. | |
| 245 | 1 | 0 |
_aEspaña en el Pacífico, la colonia de las Islas Carolinas (1885-1899) : _bun modelo colonial en el contexto internacional del imperialismo / _cMaría Dolores Elizalde Pérez-Grueso; prólogo de Manuel Espadas Burgos. |
| 260 |
_aMadrid : _bConsejo Superior de Investigaciones Científicas : _bInstituto de Cooperación para el Desarrollo, _c1992. |
||
| 300 |
_a267 p. : _bill., maps ; _c24 cm. |
||
| 490 | 1 |
_aBiblioteca de historia ; _v14 |
|
| 500 | _aOriginally presented as the author's thesis (doctoral)--Universidad Complutense, 1988. | ||
| 504 | _aIncludes bibliographical references (p. [251]-267). | ||
| 651 | 0 |
_aCaroline Islands _xHistory. |
|
| 830 | 0 |
_aBiblioteca de historia (Madrid, Spain) ; _v14. |
|
| 856 | 4 | 2 |
_3Más?... busque en WorldCat (solo desde FUNGLODE) _uwww.firstsearch.oclc.org/fsip |
| 942 |
_2lcc _cbk |
||
| 946 | _amfcruz | ||
| 994 |
_aC0 _bDRFGD |
||
| 999 |
_c24513 _d24513 |
||